11/22/63 - Statistics

General Stats
  • This quiz has been taken 14 times
  • The average score is 3 of 7
Answer Stats
Question Answer % Correct
What disease does Al Templeton get while being in the past? Cancer
77%
Who tells the main character about the past? Al Templeton
62%
Who does the main character meet and date along the journey? Sadie Dunhill
62%
Who ends up commiting suicide as he is about to get checked out of a mental hospital? Bill Turcotte
23%
Who is the main character trying to save JFK? Jake Amberson
23%
Who is Lee Harvey Oswald's friend who keeps getting mentioned in the movie? George De Mohrenschildt
15%
What does Al Templeton call the past? Rabbit Hole
15%
No matching quizzes found
Score Distribution
Percent of People with Each Score
Percentile by Number Answered
Your Score History
You have not taken this quiz